01811nam a2200481 i 450000100060000000300090000600500170001500800390003201500170007104000410008804100130012904600090014208000080015108000080015908000090016708000100017608000120018610000280019824501700022624600940039626000330049030000430052333600270056633700540059333800280064738000160067538000230069138800140071438800140072850400400074252101510078265000120093365000150094565000170096065000250097765500420100265800280104470000550107270000400112770000360116771000280120385600980123113817KOSZ 00520200623090600.0200403s1971 pl a f f 000 0 pol aPB 1971/8980 aWA NcWA NdKOSZ 005/EGdKOSZ 005/RW1 apolhger k1966 a696 a697 a62-5 a531.7 a(075.3)1 aDümmel, UlricheAutor10aPomiary i regulacja urządzeń ogrzewczych, wentylacyjnych i sanitarnych /cUlrich Dümmel, Hans Jürgen Müller ; tłumaczenie Maria Graczyk, Czesław Graczyk.1 iTytuł oryginału:aMessen und Regeln in der Heizungs-, Lüftungs- und Sanitärtechnik. aWarszawa :b"Arkady",c1971. a327, [1] stron :bilustracje ;c25 cm. aTekstbtxt2rdacontent aBez urządzenia pośredniczącegobn2rdamedia aWoluminbnc2rdacarrier aKsiążki aPublikacje fachowe a1901-2000 a1945-1989 aBibliografia na stronach 327-[328].8 aKsiążka przeznaczona jest dla techników i inżynierów sanitarnych interesujących się zagadnieniem pomiarów, regulacji i sterowania. 7aPomiary 7aOgrzewanie 7aKlimatyzacja 7aInstalacje sanitarne 7aPodręczniki dla szkół zawodowych aInżynieria i technika1 aMüller, Hans Jürgenc(nauki techniczne)eAutor1 aGraczyk, Maria LeoniaeTłumaczenie1 aGraczyk, CzesławeTłumaczenie2 aWydawnictwo Arkady4pbl uhttp://koha.tu.koszalin.pl/cgi-bin/koha/opac-detail.pl?biblionumber=13817yKatalog online BPK